Most Populated Counties in England - Statistics

General Stats
  • This quiz has been taken 70 times
  • The average score is 14 of 20
Answer Stats
Rank Population Answer % Correct
1 8,538,689 Greater London
98%
2 2,808,356 West Midlands
85%
7 1,773,154 Essex
81%
6 1,784,369 Kent
79%
10 1,365,847 South Yorkshire
77%
8 1,471,979 Lancashire
74%
4 2,264,329 West Yorkshire
74%
9 1,391,113 Merseyside
73%
5 1,800,511 Hampshire
71%
3 2,732,854 Greater Manchester
69%
17 1,080,136 North Yorkshire
69%
15 1,115,658 Nottinghamshire
69%
11 1,161,256 Surrey
65%
20 1,032,267 Derbyshire
58%
12 1,159,832 Devon
58%
18 1,060,567 Lincolnshire
56%
13 1,154,766 Hertfordshire
53%
16 1,111,192 Staffordshire
53%
14 1,118,713 Tyne and Wear
53%
19 1,039,171 Cheshire
48%
No matching quizzes found
Score Distribution
Percent of People with Each Score
Percentile by Number Answered
Your Score History
You have not taken this quiz